000 00245nam a2200097Ia 4500
005 20251222114348.0
008 251222s1900||||xx |||||||||||||| ||spa||
082 _aDVD0111/B58/1999/Ej.2
245 0 _aEl gigante de hierro:The Iron Giant
942 _cDVD
999 _c1142
_d1142